000 00647nam a2200229Ia 4500
005 20250508165020.0
008 008 250505s9999 xx 000 0 eng d
020 _a0-8039-9528-8
037 _aTextual
040 _aFEDL
_beng
_cFEDL
041 _aeng
_2eng
084 _a155, SAR
_qFEDL
100 _aSaraswathi T S
245 0 _aDevelopmental psychology in India 1975-1986: An annotated bibliography
260 _aNew Delhi, India
_bSage Publications
_c1987
300 _a327p.
365 _aINR
_b250
546 _aMACESE
700 _a Dutta Ranjana
_9779711
942 _cTEXL
_h155, SAR
999 _c1392670
_d1392670